| Поле | Инд. | ПП | Название | Значение |
|---|---|---|---|---|
| Тип записи | a | |||
| Библиографический уровень | b | |||
| 001 | Контрольный номер | RU/IS/BASE/235056014 | ||
| 005 | Дата корректировки | 20200526074542.0 | ||
| 040 | b | Код языка каталог. | rus | |
| e | Правила каталог. | PSBO | ||
| 041 | 0_ | a | Код языка текста | rus |
| 084 | a | Индекс другой классификации/Индекс ББК | 83.3(2=411.2)5; 83.3(4Бел)5; 85.334.3(2=411.2)6 | |
| 100 | 1_ | a | Автор | Будникова Л. И. |
| 245 | 10 | a | Заглавие | К. Бальмонт и Московский художественный театр |
| b | Продолж. заглавия | (к истории постановок драм М. Метерлинка "Слепые", "Непрошеная", "Там, внутри") | ||
| 504 | a | Библиография | Библиогр. - Примеч.: с. 156 - 157 | |
| 600 | 14 | a | Персоналии | Бальмонт Константин Дмитриевич |
| a | Персоналии | Метерлинк Морис | ||
| a | Персоналии | Станиславский Константин Сергеевич | ||
| 650 | 04 | a | Основная рубрика | драматический театр |
| a | Основная рубрика | искусство | ||
| a | Основная рубрика | история литературы | ||
| a | Основная рубрика | история театра | ||
| a | Основная рубрика | литературоведение | ||
| a | Основная рубрика | филологические науки | ||
| 653 | 0_ | a | Ключевые слова | "Непрошеная" |
| a | Ключевые слова | "Слепые" | ||
| a | Ключевые слова | "Там, внутри" | ||
| a | Ключевые слова | XIX век | ||
| a | Ключевые слова | XX век | ||
| a | Ключевые слова | Бельгия | ||
| a | Ключевые слова | драмы | ||
| a | Ключевые слова | Московский Художественный театр | ||
| a | Ключевые слова | постановка спектакля | ||
| a | Ключевые слова | пьесы | ||
| a | Ключевые слова | Россия | ||
| a | Ключевые слова | русская литература | ||
| a | Ключевые слова | театр | ||
| a | Ключевые слова | художественный перевод | ||
| 773 | 0_ | t | Заглавие источника | Вестник Московского университета. Серия 9, Филология |
| d | Дата издания источника | 2007 | ||
| g | Прочая информация | № 1. - С. 148 - 157 | ||
| w | Контрольный № источника | RU/IS/BASE/229700507 | ||
| 901 | t | Тип документа | b |